000 00816nam a2200205 a 4500
005 20240706063639.0
008 991125s1892 ea 000 0 eng u
035 _aUPN01000018491
049 _aCE
050 4 _aHV2443 E6
_bE3
100 1 _aGallaudet, Edward Miner,
_d1837-1917
_941193
245 1 0 _aEducation of deaf children /
_cevidence of Edward Miner Gallaudet and Alexander Graham Bell ; ed. by Joseph C. Gordon.
260 _aWashington :
_bVolta Bureau,
_c1892.
300 _a261, 26 p., [10] h. de láms.
500 _a"Presented to the Royal Commision of the United Kingdom onthe condition of the blind, the deaf and dumb, etc."
650 4 _aNiños con discapacidad
_xEducación
_91549
650 4 _aNIÑOS SORDOS -
_xEDUCACION
700 1 _aBell, Alexander Graham,
_d1847-1922
_ecoaut.
905 _aLibro
999 _c18491
_d18491